Statistics for England International Footballers with at Least 50 Caps

Click here to take the quiz!

General Stats

  • This quiz has been taken 145 times
    (16 since last reset)
  • The average score is 48 of 67

Answer Stats

CapsPlayer Name% Correct
107Ashley Cole
100%
106Bobby Charlton
100%
108Bobby Moore
100%
106Frank Lampard
100%
89Harry Kane
100%
56Joe Cole
100%
66Paul Scholes
100%
81Rio Ferdinand
100%
114Steven Gerrard
100%
120Wayne Rooney
100%
63Alan Shearer
92%
105Billy Wright
92%
115David Beckham
92%
85Gary Neville
92%
89Michael Owen
92%
125Peter Shilton
92%
59Phil Neville
92%
82Raheem Sterling
92%
90Bryan Robson
83%
75David Seaman
83%
59Des Walker
83%
62Emlyn Hughes
83%
80Gary Lineker
83%
73Gordan Banks
83%
75Joe Hart
83%
60Jordan Pickford
83%
86Kenny Sansom
83%
82Kyle Walker
83%
76Tom Finney
83%
66Tony Adams
83%
62Emile Heskey
75%
63Harry Maguire
75%
57Jimmy Greaves
75%
63Kevin Keegan
75%
60Marcus Rashford
75%
67Martin Peters
75%
57Paul Gascoigne
75%
61Ray Clemence
75%
84Ray Wilkins
75%
73Sol Campbell
75%
51Teddy Sheringham
75%
53David James
67%
79John Barnes
67%
53Paul Ince
67%
54Stanley Matthews
67%
78Stuart Pearce
67%
77Terry Butcher
67%
52Trevor Francis
67%
72Alan Ball
58%
54Glen Johnson
58%
78John Terry
58%
81Jordan Henderson
58%
63Ray Wilson
58%
62David Platt
50%
57Gareth Southgate
50%
59Peter Beardsley
50%
61Gary Cahill
42%
71John Stones
42%
50Phil Neal
42%
62Chris Waddle
33%
65David Watson
33%
53Glen Hoddle
33%
61James Milner
33%
50Declan Rice
25%
53Gareth Barry
17%
56Johnny Haynes
17%
57Jermain Defoe
8%

Score Distribution

Percentile by Number Answered

Percent of People with Each Score

Your Score History

You have not taken this quiz since the last reset